000 00503nam a2200169Ia 4500
003 IN-BaIIA
008 211028s9999 xx 000 0 eng d
020 _a978-0-486-42883-3
040 _cIIA Library
080 _a520.2
_bTHO
100 _aThompson, Allyn J
_935053
245 0 _aMaking your own telescope
_cAllyn J. Thompson
260 _aNew York
_bDover Publications
_c2003
300 _axi, 211p.
650 _aReflecting telescopes-Design and Construction-Amateur's manuals
_935054
942 _cBK
999 _c18311
_d18311